000 00443nam a2200193Ia 4500
008 240510s9999 xx 000 0 und d
020 _a0008120316088
041 _aEng
082 _a006.6
082 _bB13
100 _aBAIN S.
245 0 _aUSING CORELDRAW 9 :( With CD)
260 _bPRINTICE HALL : NEW DELHI
260 _c1999
300 _a1019 p.
650 _aCORELDRAW : COMPUTER GRAPHICS
942 _2ddc
942 _cRBK
999 _c26734
_d26734
945 _a1
_bMadushi Gamage
_c1
_dMadushi Gamage